000 00535nam a2200169Ia 4500
008 090201s9999 xx 000 0 und d
010 _aKPL-57747
040 _bमराठी
041 _aमराठी
082 _a8060
_b57747
100 _aशिरीष कणेकर
245 _aचहाटळकी
_cशिरीष कणेकर
260 _c2004
_bज्ञानदा पब्लिकेशन प्रा.लि.
300 _a200
_bमोठा
600 _aचहाटळकी
942 _cBOOK
999 _c208698
_d208698